Theoretical mechanics : a short course /

Bibliographic Details
Main Author: Targ, S. (Semen)
Format: Book
Language:English
Russian
Published: Moscow : Mir Publishers, 1976.
Edition:2d ed.
Subjects:

MARC

Tag First Indicator Second Indicator Subfields
LEADER 00000cam a2200000 i 4500
001 in00000043140
005 20151007070853.0
008 780204s1976 rura 00110 eng d
035 |a (OCoLC)03604028 
035 |9 AAE4881AM 
040 |a CLU  |c CLU  |d TXA  |d UtOrBLW 
041 1 |a eng  |a rus 
049 |a TXAM  |c [1497492] 
090 |a QA807  |b .T2913 1976 
100 1 |a Targ, S.  |q (Semen) 
240 1 0 |a Kratkii kurs teoreticheskoi mekhaniki. English 
245 1 0 |a Theoretical mechanics :  |b a short course /  |c S. Targ ; translated from the Russian by V. Talmy. 
250 |a 2d ed. 
264 1 |a Moscow :  |b Mir Publishers,  |c 1976. 
300 |a 525 pages :  |b illustrations ;  |c 22 cm. 
336 |a text  |b txt  |2 rdacontent 
337 |a unmediated  |b n  |2 rdamedia 
338 |a volume  |b nc  |2 rdacarrier 
500 |a Translation of the 1974 edition of Kratkii kurs teoreticheskoi mekhaniki. 
500 |a Includes index. 
650 0 |a Mechanics, Analytic. 
999 |a MARS 
999 f f |s cec5c1dd-d68b-36b7-a4d6-66db32cbf3ed  |i bfc78a83-e85d-30c9-ad8f-1510f5a97a58  |t 0 
952 f f |p normal  |a Texas A&M University  |b College Station  |c Sterling C. Evans Library  |d Evans: Library Stacks  |t 0  |e QA807 .T2913 1976  |h Library of Congress classification  |i unmediated -- volume  |m A14804561966 
998 f f |a QA807 .T2913 1976  |t 0  |l Evans: Library Stacks